Valaská škola - krásy stodola o výstave a tvorbe piatich amatérskych výtvarníkov, inšpirujúcich sa tradičnou ľudovou kultúrou Slovenska

Bibliographic Details
Main Author: Šípka, Miloš (Author)
Format: Article
Language:Slovak
ISSN:1335-4515
Subjects:

MARC

LEADER 00000nab a2200000 a 4500
001 vtls000751582
003 SK-MaSNL
005 20260303185012.0
008 180206c2001 xo 0 slo
015 |a SNBRB2001/03-08821 
035 |a CLN000103376 
040 |a SNKBUCL  |b slo  |c SNKBUCL  |e AACR2 
041 0 |a slo 
044 |a xo  |c SK 
080 |a 73/76.077:061.4  |2 UDC-MRF-SK2 
080 |a 77.04-051  |2 UDC-MRF-SK2 
080 |a 745/749  |2 UDC-MRF-SK2 
100 1 |a Šípka, Miloš  |4 aut  |9 6833 
245 1 0 |a Valaská škola - krásy stodola  |b o výstave a tvorbe piatich amatérskych výtvarníkov, inšpirujúcich sa tradičnou ľudovou kultúrou Slovenska  |c Miloš Šípka 
600 1 7 |a Štesko, Milan  |d 1942-  |2 snkbucl  |9 702345 
600 1 7 |a Rudnický, Viliam,  |d 1947-  |2 snkbucl  |9 92815 
600 1 7 |a Benický, Dušan,  |d 1953-  |2 snkbucl  |9 5064 
600 1 7 |a Baláž, Vojtech,  |d 1952-  |2 snkbucl  |9 231585 
648 7 |a 2001  |2 snkbucl  |9 296180 
650 0 7 |a výstavy  |2 snkbucl  |9 2780 
655 7 |a články z novín a časopisov  |2 snkbucl  |9 267496 
773 0 |x 1335-4515  |t Národná osveta  |g Roč. 11, č. 3 (2001), s. 29-30 
850 |a Slovenská národná knižnica v Martine 
852 |a SNK  |b KIS3GCP 
958 |a RBX 
999 |c 2129342  |d 2131272